| 000 -LEADER |
| fixed length control field |
03191cam a22003974a 4500 |
| 001 - CONTROL NUMBER |
| control field |
14308823 |
| 003 - CONTROL NUMBER IDENTIFIER |
| control field |
NUST-PNEC |
| 005 - DATE AND TIME OF LATEST TRANSACTION |
| control field |
20170116180710.0 |
| 008 - FIXED-LENGTH DATA ELEMENTS--GENERAL INFORMATION |
| fixed length control field |
060321s2007 flua b 001 0 eng |
| 010 ## - LIBRARY OF CONGRESS CONTROL NUMBER |
| LC control number |
2006009680 |
| 015 ## - NATIONAL BIBLIOGRAPHY NUMBER |
| National bibliography number |
GBA601734 |
| Source |
bnb |
| 016 7# - NATIONAL BIBLIOGRAPHIC AGENCY CONTROL NUMBER |
| Record control number |
013348819 |
| Source |
Uk |
| 020 ## - INTERNATIONAL STANDARD BOOK NUMBER |
| International Standard Book Number |
9780849333262 (alk. paper) |
| 020 ## - INTERNATIONAL STANDARD BOOK NUMBER |
| International Standard Book Number |
0849333261 |
| 035 ## - SYSTEM CONTROL NUMBER |
| System control number |
(OCoLC)ocm62478442 |
| 035 ## - SYSTEM CONTROL NUMBER |
| System control number |
(OCoLC)62478442 |
| 040 ## - CATALOGING SOURCE |
| Original cataloging agency |
DLC |
| Transcribing agency |
PNEC |
| 042 ## - AUTHENTICATION CODE |
| Authentication code |
pcc |
| 050 00 - LIBRARY OF CONGRESS CALL NUMBER |
| Classification number |
T174.7 |
| Item number |
.N35244 2007 |
| 082 00 - DEWEY DECIMAL CLASSIFICATION NUMBER |
| Classification number |
620.5 BUS |
| Edition number |
22 |
| 100 ## - MAIN ENTRY--PERSONAL NAME |
| 9 (RLIN) |
506 |
| Personal name |
Busnaina, Ahmed |
| 245 00 - TITLE STATEMENT |
| Title |
Nanomanufacturing handbook / |
| Statement of responsibility, etc. |
Ahmed Busnaina, [editor]. |
| 260 ## - PUBLICATION, DISTRIBUTION, ETC. |
| Place of publication, distribution, etc. |
Boca Raton, FL : |
| Name of publisher, distributor, etc. |
CRC Press/Taylor & Francis, |
| Date of publication, distribution, etc. |
c2007. |
| 300 ## - PHYSICAL DESCRIPTION |
| Extent |
408 p. : |
| Other physical details |
ill. ; |
| Dimensions |
25 cm. |
| 500 ## - GENERAL NOTE |
| General note |
Includes Index http://www.amazon.com/Nanomanufacturing-Handbook-Ahmed-Busnaina/dp/0849333261/ref=sr_1_1?s=books&ie=UTF8&qid=1412244080&sr=1-1&keywords=0849333261 |
| 504 ## - BIBLIOGRAPHY, ETC. NOTE |
| Bibliography, etc. note |
Includes bibliographical references and index. |
| 505 0# - FORMATTED CONTENTS NOTE |
| Formatted contents note |
Introduction to nanomanufacturing / Ahmed Busnaina and Manish Mehta -- Surface-programmed assembly for nanomanufacturing / Seunghun Hong ...[et al.] -- Fabrication and applications of single-walled carbon nanotube (SWNT) fabrics / Darren K. Brock ... [et al.] -- Controlled synthesis of carbon nanotubes using chemical vapor deposition methods / Yung Joon Jung -- Reconfigurable CMOS electronic microarray system for the assisted self-assembly of higher-order nanostructures / Dietrich Dehlinger ...[et al.] -- Manufacturing electrical contacts to nanostructures / Loucas Tsakalakos -- Nanofabrication techniques with high-resolution molded rubber stamps / Etienne Menard and John Rogers -- Room-temperature nanoimprint and nanocontact technologies / Ken-ichiro Nakamatsu and Shinji Matsui -- Antistiction layers for nano imprinting lithography / Nam-Goo Cha, Jin-Goo Park -- Nanocontacts and switch reliability / George G. Adams and Nicol E. McGruer -- Nanoscale defects and surface preparation in nanomanufacturing / Ahmed Busnaina and Kaveh Bakhtari -- Improved carbon materials for nanomanufacturing applications / Patrick Lemoine ... [et al.] -- Nanomanufacturing processes using polymeric materials / Carol Barry, Julie Chen, and Joey Mead -- Patterned electrospray fiber structures / Phil Gibson and Heidi Schreuder-Gibson -- Patenting nanotechnology / Rouget F. (Ric) Henschel and Stephen B. Maebius -- Leaving the laboratory: regulatory and societal issues confronting nanotechnology commercialization / Christopher J. Bosso ... [et al.] -- R&D activities for nanoscale manufacturing processes and enabling equipment in Korea / Chang-Soo Han ... [et al.]. |
| 650 #0 - SUBJECT ADDED ENTRY--TOPICAL TERM |
| Topical term or geographic name entry element |
Nanomanufacturing. |
| General subdivision |
IME, ME |
| 650 #0 - SUBJECT ADDED ENTRY--TOPICAL TERM |
| Topical term or geographic name entry element |
Nanostructured materials. |
| 700 1# - ADDED ENTRY--PERSONAL NAME |
| Personal name |
Busnaina, A. A. |
| 856 41 - ELECTRONIC LOCATION AND ACCESS |
| Materials specified |
Table of contents only |
| Uniform Resource Identifier |
<a href="http://www.loc.gov/catdir/toc/ecip0611/2006009680.html">http://www.loc.gov/catdir/toc/ecip0611/2006009680.html</a> |
| 856 42 - ELECTRONIC LOCATION AND ACCESS |
| Materials specified |
Publisher description |
| Uniform Resource Identifier |
<a href="http://www.loc.gov/catdir/enhancements/fy0625/2006009680-d.html">http://www.loc.gov/catdir/enhancements/fy0625/2006009680-d.html</a> |
| 906 ## - LOCAL DATA ELEMENT F, LDF (RLIN) |
| a |
7 |
| b |
cbc |
| c |
orignew |
| d |
1 |
| e |
ecip |
| f |
20 |
| g |
y-gencatlg |
| 942 ## - ADDED ENTRY ELEMENTS (KOHA) |
| Source of classification or shelving scheme |
|
| Koha item type |
Book |